LEADER 01568nas 2200481-a 450 001 996210954403316 005 20221206184552.0 035 $a(OCoLC)64034255 035 $a(CKB)110978979122907 035 $a(CONSER)--2006265503 035 $a(DE-599)ZDB2377359-5 035 $a(EXLCZ)99110978979122907 100 $a20060217b19992006 -a- - 101 0 $aeng 135 $aurmnu|||||||| 181 $ctxt$2rdacontent 182 $cc$2rdamedia 183 $acr$2rdacarrier 200 00$aAdvances in polar upper atmosphere research 210 $aTokyo, Japan $cNational Institute for Polar Research 300 $aRefereed/Peer-reviewed 311 $a1345-1065 517 1 $aAdv. Polar Upper atmos. Res 606 $aPolar ionosphere$xResearch$vPeriodicals 606 $aUpper atmosphere$zPolar regions$vObservations$vPeriodicals 606 $aHaute atmosphère$vCongrès 606 $aHaute atmosphère$zRégions polaires$vCongrès 606 $aPhysique de l'atmosphère$vCongrès 606 $aUpper atmosphere$2fast$3(OCoLC)fst00820350 607 $aPolar regions$2fast 608 $aObservations.$2fast 608 $aPeriodicals.$2fast 615 0$aPolar ionosphere$xResearch 615 0$aUpper atmosphere 615 6$aHaute atmosphère 615 6$aHaute atmosphère 615 6$aPhysique de l'atmosphère 615 7$aUpper atmosphere. 712 02$aKokuritsu Kyokuchi Kenky?jo. 906 $aJOURNAL 912 $a996210954403316 996 $aAdvances in polar upper atmosphere research$92081568 997 $aUNISA LEADER 00990nam a2200241 i 4500 001 991002713879707536 005 20020503172643.0 008 000704s1974 ||| ||| | fre 035 $ab10404314-39ule_inst 035 $aEXGIL108623$9ExL 040 $aBiblioteca Interfacoltà$bita 082 0 $a338.109519 245 12$aL'experience historique de la riforme agrarie dans notre pays 260 $aPyongyang :$bEditions en langues etrangeres,$c1974 300 $a152 p. ;$c21 cm. 650 4$aAgricoltura - Corea 907 $a.b10404314$b02-04-14$c27-06-02 912 $a991002713879707536 945 $aLE002 Dir. III N 7$g1$i2002000475510$lle002$o-$pE0.00$q-$rl$s- $t0$u0$v0$w0$x0$y.i10471716$z27-06-02 945 $aLE002 A Dir. III N 7 bis$g2$i2002000752901$lle002$og$pE0.00$q-$rl$s- $t0$u0$v0$w0$x0$y.i14752700$z15-05-08 996 $aExperience historique de la riforme agrarie dans notre pays$9221105 997 $aUNISALENTO 998 $ale002$b01-01-00$cm$da $e-$feng$gxx $h2$i1